000 00917nam a2200229 a 4500
001 BRCA_611
005 20190320203101.0
008 930407s1993 nyua---##b---#001-0#eng-d
020 _a1555950930
040 _aDLC
_cDLC
_dDLC
050 4 _aND1354.4
_b.B34 1993
100 1 _aBaetjer, Katharine
_92086
245 1 0 _aGlorious Nature
_bBritish Landscape Painting, 1750-1850
_ccatalogue by Katharine Baetjer ; essays by Michael Rosenthal ... [et al.].
260 _aNueva York
_bHudson Hills : Denver Art Museum
_c1993
300 _a271 p.
_bil. (algunas a color), mapas
_c26 cm.
500 _aCatálogo de la exposición realizada en The Denver Art Museum, 11 diciembre, 1993 - 6 febrero, 1994
500 _aIncluye índice alfabético
504 _aBibliografía: p. 261-263
650 1 4 _aPintura de paisajes británicos
_vExposiciones
_ySiglo XVIII y XIX
_92087
700 1 _aRosenthal, Michael
_92088
942 _2lcc
_cB
999 _c537
_d537